000 00304nam a2200133Ia 4500
100 _aVinogradov
650 _aElectrical Engineering
942 _cBK
654 _aMachine Winder
245 _aElectrical machine winder
260 _bMir Publishers
_aMoscow
_c1970
300 _a400
546 _aENGLISH
999 _c32737
_d32737